عرض عادي
عرض مارك
- أنظمة المعلومات
مدخل مصطلح موضوعي
001 - رقم الضبط
- حقل الضبط: 100030
003 - معرف رقم الضبط
- حقل الضبط: OSt
005 - تاريخ ووقت أخر عملية
- حقل الضبط: 20220904090041.0
008 - عناصر بيانات ثابتة الطول
- حقل تحكم ثابت الطول: 220904|| aca||aabn | a|a d
040 ## - مصدر الفهرسة
- هيئة الفهرسة الأصلية: OSt
- وكالة الكتابة: OSt
150 ## - مدخل-- مصطلح تاريخي
- عنصر مدخل المصطلح الموضوعي او الاسم الجغرافي: أنظمة المعلومات
670 ## - بيانات المصدر موجوده
- الاستشهاد بالمصدر: Work cat.: (OSt)82128: الكبيسي، عبد المجيد حميد 100029, النظم والمنظومية :, 2015
